| 000 | 005280000a22001810004500 | ||
|---|---|---|---|
| 003 | MACL | ||
| 005 | 20160401163148.0 | ||
| 008 | 160401b xxu||||| |||| 00| 0 eng d | ||
| 040 |
_aMACL _cMACL |
||
| 041 | _aHindi | ||
| 082 | _a333 | ||
| 100 |
_aदया दवे _949796 |
||
| 245 | _aवेदों में पर्यावरण | ||
| 260 |
_bसुरभि पब्लिकेशन्स _c2004 _aजयपुर |
||
| 350 | _a175 | ||
| 650 |
_aEconomics of Land& Energy _933557 |
||
| 942 |
_cHIN _k333 _2ddc |
||
| 999 |
_c17810 _d17810 |
||